| 000 | 00850nam a22001577a 4500 | ||
|---|---|---|---|
| 003 | OSt | ||
| 005 | 20230313165133.0 | ||
| 008 | 151112b xxu||||| |||| 00| 0 eng d | ||
| 040 | _cRUA | ||
| 082 |
_aFOR _2OUK 2008 B135 Or.1 |
||
| 100 |
_93631 _aOUK, SOVANNARA. |
||
| 245 | _aDemarcation process of protected forest boundary supported by (IC) ORG. in russey chrum commune thmar bang district kohkong province, ដំណើរការបោះបង្គោលព្រំប្រទល់ដែនព្រៃការពារឧបត្ថម្ភដោយអង្កការ(ស៊ី.អាយ)នៅភូមិសាស្រ្ដឃុំឬស្សីជ្រុុំ ស្រុកថ្មបាំង ខេត្តកោះកុង | ||
| 260 |
_aPhnom Penh _bRUA _c2008 |
||
| 300 |
_axiii; 57p. _bill. _c29cm. |
||
| 942 |
_2ddc _cFOR |
||
| 999 |
_c3381 _d3381 |
||